20 Largest cities in Spain - Statistics

General Stats
  • This quiz has been taken 69 times
  • The average score is 14 of 20
Answer Stats
Population Answer % Correct
1,636,762 Barcelona
100%
3,226,126 Madrid
100%
346,843 Bilbao
98%
688,592 Seville
97%
794,288 Valencia
95%
574,654 Málaga
84%
674,997 Zaragoza
79%
295,364 Vigo
68%
245,711 A Coruña
67%
232462 Granada
67%
334,887 Alicante
63%
416,065 Palma
63%
325,701 Córdoba
62%
453,258 Murcia
60%
379,925 Las Palmas de Gran Canaria
57%
298,412 Valladolid
57%
271,780 Gijón
48%
264,932 L'Hospitalet de Llobregat
33%
232,517 Elche
32%
251,774 Vitoria-Gasteiz
32%
No matching quizzes found
Score Distribution
Percent of People with Each Score
Percentile by Number Answered
Your Score History
You have not taken this quiz